Innovation : velký investiční průvodce

Saved in:
Bibliographic Details
Format Journal
LanguageCzech
Published Praha : A 11 s.r.o., 2015-
Subjects
Online Accesswww stránky vydavatele
Physical Description27 cm

Cover

LEADER 00000cas a2200000 i 4500
001 113279
003 CZ-ZlUTB
005 20250529122353.0
007 ta
008 150707d20159999xr qr p 0 b0cze
999 |c 113279  |d 113279 
040 |a OLA001  |b cze  |d BOA001  |d ZLD002  |e rda 
072 7 |a 336.7  |x Finance  |2 Konspekt  |9 4 
080 |a 336.76  |2 MRF 
080 |a 330.322  |2 MRF 
080 |a (051.067)  |2 MRF 
245 0 0 |a Innovation :  |b velký investiční průvodce 
246 3 0 |a Velký investiční průvodce 
246 3 0 |a Příběh vašeho úspěchu 
264 1 |a Praha :  |b A 11 s.r.o.,  |c 2015- 
300 |c 27 cm 
310 |a Měsíčně 
321 |a Čtvrtletně 
336 |a text  |b txt  |2 rdacontent 
337 |a bez média  |b n  |2 rdamedia 
338 |a svazek  |b nc  |2 rdacarrier 
362 0 |a Ročník 1, číslo 1 (2015)- 
500 |a Změna podnázvu: Příběh vašeho úspěchu 
650 0 7 |a finanční investování  |7 ph137283  |2 czenas 
650 0 7 |a investice  |7 ph114790  |2 czenas 
650 0 9 |a financial investments  |2 eczenas 
650 0 9 |a investments  |2 eczenas 
655 7 |a specializované časopisy  |7 fd133565  |2 czenas 
655 9 |a journals for special groups of people  |2 eczenas 
856 4 2 |3 www stránky vydavatele  |u https://innovation-magazine.cz/ 
910 |a ZLD002  |r 2025- 
942 |2 udc  |s 1 
992 |a SE